| 000 | 00857cam a22002651a 4500 | ||
|---|---|---|---|
| 001 | 15788 | ||
| 003 | BD-RjUL | ||
| 005 | 20211208235904.0 | ||
| 008 | 140210s1967 nyu 000 0 eng | ||
| 035 | _a(BD-RjUL)15843 | ||
| 035 | _a(OCoLC)243648 | ||
| 040 |
_aDLC _cODaWU _dOCoLC _dDFT _dDLC _dBD-RjUL _beng |
||
| 041 | _aeng | ||
| 082 |
_a381.0973 _bMAR 1967 |
||
| 100 | 1 |
_aMcNair, Malcolm P. _q(Malcolm Perrine), _d1894-1985, _947110 |
|
| 245 | 1 | 0 |
_aMarketing through retailers / _cedited by Malcolm P. McNair and Mira Berman. |
| 260 |
_aNew York [N.Y.] : _bAmerican Management Association, _cc1967. |
||
| 300 |
_a175 p. ; _c24 cm. |
||
| 650 | 0 |
_aRetail trade _zUnited States. _948145 |
|
| 700 | 1 |
_aBerman, Mira, _eed. _948969 |
|
| 710 | 2 |
_aAmerican Management Association. _948970 |
|
| 942 |
_2ddc _cBK |
||
| 999 |
_c15788 _d15788 |
||